01675nam a2200301u 45000010005000000030008000050050017000130080039000300350018000690400033000870410008001200820021001281000033001492450067001822600055002493000043003044900046003475040051003936510094004448560109005389420012006479990015006599520141006749520141008159520139009569520139010959520139012341819BD-RjUL20211208233423.01312 r19671959enkae 001 0 eng a(BD-RjUL)1846 aDLCcCarPdDLCdBD-RjULbeng aeng 216a320.942bPOH1 aPorter, Patrick Basil.9603010aHow the people of Britain are governed /cPatrick Basil Porter aLondon :bLongmans ,cc1959 [5th Impression 1967]. axxi, 194 p. :billus., plan. ;c19 cm.1 aThe Commonwealth history series, book - 3 aIncludes bibliographical references and index. 0aGreat BritainxPolitics and governmentxHandbooks, manuals, etc. [from old catalog]96031 uhttp://www.worldcat.org/title/how-the-people-of-britain-are-governed/oclc/12350738&referer=brief_results 2ddccBK c1819d1819 00102ddc40708NFICaRUCLbRUCLcStackd1968-09-17eZeithlinger.g10.60l0o320.942 POH 1967r2013-12-09 00:00:00tC-2w2021-12-08yBK 00102ddc40718NFICaRUCLbRUCLcReadingd1968-09-17eZeitlingerg10.60l0o320.942 POH 1967r2013-12-12 00:00:00tC-1w2021-12-08yBK 00102ddc40708NFICaRUCLbRUCLcStackd1968-09-17eZeitlingerg10.60l0o320.942 POH 1967r2014-06-17 00:00:00tC-3w2014-06-17yBK 00102ddc40708NFICaRUCLbRUCLcStackd1968-09-17eZeitlingerg10.60l0o320.942 POH 1967r2014-06-17 00:00:00tC-4w2014-06-17yBK 00102ddc40708NFICaRUCLbRUCLcStackd1968-09-17eZeitlingerg10.60l0o320.942 POH 1967r2014-06-17 00:00:00tC-5w2014-06-17yBK